[Event "Berlin Hellersdorf Winter 5th"]
[Site "Berlin"]
[Date "2008.02.01"]
[Round "1.13"]
[White "Zur, Jan"]
[Black "Steppan, Siegfried"]
[Result "1-0"]
[WhiteElo "1922"]
[BlackElo "1617"]
[PlyCount "99"]
[EventDate "2008.02.01"]
[EventType "swiss"]
[EventRounds "5"]
[EventCountry "GER"]
[SourceTitle "EXT 2022"]
[Source "ChessBase"]
[SourceDate "2021.10.06"]
[SourceVersion "1"]
[SourceVersionDate "2021.10.06"]
[SourceQuality "1"]

1. e4 c6 2. d4 d5 3. e5 Bf5 4. g4 Bg6 5. f4 e6 6. Nf3 Nd7 7. h4 h6 8. h5 Bh7 9. Bd3 Bxd3 10. Qxd3 Qc7 11. f5 c5 12. fxe6 fxe6 13. Qg6+ Ke7 14. Rf1 cxd4 15. Bf4 Qb6 16. Bg3 Kd8 17. b3 Ne7 18. Bh4 Kc7 19. Bxe7 Bxe7 20. Qxg7 Bb4+ 21. Nbd2 Raf8 22. 0-0-0 Ba3+ 23. Kb1 Qc5 24. c4 dxc3 25. Nc4 c2+ 26. Kxc2 Re8 27. Kb1 Rhg8 28. Qh7 Rh8 29. Qd3 Kb8 30. Nxa3 Qxa3 31. Qb5 Nc5 32. Rc1 Ne4 33. Qd3 Rhg8 34. Nd2 Rxg4 35. Nxe4 Rxe4 36. Rf7 Rxe5 37. Qg3 Qd6 38. Qg7 Qa6 39. Qxe5+ Ka8 40. Rfc7 Qd3+ 41. Ka1 a6 42. Qc3 Qf5 43. Rc8+ Rxc8 44. Qxc8+ Ka7 45. Qc5+ Ka8 46. Qd4 Qf8 47. Qc3 Qf7 48. Qe5 Qd7 49. Re1 Qc8 50. Kb2 1-0

[Event "Berlin Lichtenberger op 6th"]
[Site "Berlin"]
[Date "2007.??.??"]
[Round "?"]
[White "Hesselbarth, Karlheinz"]
[Black "Zur, Jan"]
[Result "0-1"]
[WhiteElo "1909"]
[BlackElo "1850"]
[PlyCount "97"]
[EventDate "2007.08.18"]
[EventType "swiss"]
[EventRounds "9"]
[EventCountry "GER"]
[SourceTitle "CBM 120 Extra"]
[Source "ChessBase"]
[SourceDate "2007.11.01"]
[SourceVersion "1"]
[SourceVersionDate "2007.11.01"]
[SourceQuality "1"]

1. c4 e5 2. Nc3 Nf6 3. e3 Nc6 4. d4 exd4 5. exd4 d5 6. cxd5 Nxd5 7. Bb5 Be7 8. Nge2 0-0 9. 0-0 Bf5 10. Bxc6 bxc6 11. Be3 Rb8 12. Qd2 Re8 13. Ng3 Bg6 14. a3 h5 15. Rfe1 h4 16. Nf1 h3 17. f3 hxg2 18. Kxg2 Nxe3+ 19. Rxe3 Bf6 20. Rxe8+ Qxe8 21. Rd1 Qe6 22. b4 Rd8 23. Ne2 Qb3 24. Rc1 Rd6 25. Rc3 Qd5 26. Rc5 Qb3 27. Rc3 Qb1 28. Rc1 Qf5 29. Rc5 Qd7 30. Rc4 Bf5 31. Nfg3 Be6 32. Rc1 Bh3+ 33. Kh1 Bxd4 34. Ne4 Qf5 35. Nxd4 Rxd4 36. Qe3 Qd7 37. Rg1 Qd8 38. Ng5 Bf5 39. Qe5 Bg6 40. Qe2 Rd5 41. Ne4 Re5 42. Qg2 Qd3 43. Nc5 Qd4 44. Rc1 Qe3 45. Rf1 Bh5 46. Ne4 Kf8 47. Nc5 Rg5 48. Qh3 Rg1+ 49. Rxg1 0-1

[Event "Berlin Lichtenberger op 6th"]
[Site "Berlin"]
[Date "2007.??.??"]
[Round "?"]
[White "Niehaus, Frank"]
[Black "Zur, Jan"]
[Result "1/2-1/2"]
[WhiteElo "2239"]
[BlackElo "1850"]
[PlyCount "27"]
[EventDate "2007.08.18"]
[EventType "swiss"]
[EventRounds "9"]
[EventCountry "GER"]
[SourceTitle "CBM 120 Extra"]
[Source "ChessBase"]
[SourceDate "2007.11.01"]
[SourceVersion "1"]
[SourceVersionDate "2007.11.01"]
[SourceQuality "1"]

1. e4 e5 2. Nf3 Nf6 3. d4 Nxe4 4. Bd3 d5 5. Nxe5 Bd6 6. 0-0 0-0 7. c4 Bxe5 8. dxe5 Nc6 9. f4 Nc5 10. cxd5 Nxd3 11. Qxd3 Nb4 12. Qb3 Nxd5 13. Rd1 c6 14. Nc3 1/2-1/2

[Event "Berlin Lichtenberger op 6th"]
[Site "Berlin"]
[Date "2007.??.??"]
[Round "?"]
[White "Zur, Jan"]
[Black "Arndt, Uwe"]
[Result "1-0"]
[WhiteElo "1850"]
[BlackElo "1910"]
[PlyCount "67"]
[EventDate "2007.08.18"]
[EventType "swiss"]
[EventRounds "9"]
[EventCountry "GER"]
[SourceTitle "CBM 120 Extra"]
[Source "ChessBase"]
[SourceDate "2007.11.01"]
[SourceVersion "1"]
[SourceVersionDate "2007.11.01"]
[SourceQuality "1"]

1. e4 c6 2. d4 d5 3. Nc3 dxe4 4. Nxe4 Bf5 5. Ng3 Bg6 6. Nf3 Nd7 7. h4 h6 8. h5 Bh7 9. Bd3 Bxd3 10. Qxd3 e6 11. Bf4 Qa5+ 12. Bd2 Qc7 13. 0-0-0 Ngf6 14. Rde1 0-0-0 15. Qb3 Bd6 16. Ne2 Ng4 17. Be3 Nxe3 18. fxe3 Nf6 19. c4 c5 20. Nc3 Bg3 21. Re2 Kb8 22. Kb1 Rd7 23. Rh3 Bd6 24. Nb5 Qb6 25. e4 Bf4 26. e5 Ne8 27. g3 Bg5 28. Nxg5 hxg5 29. d5 exd5 30. cxd5 Rxh5 31. e6 Rxh3 32. exd7 Qg6+ 33. Kc1 Rh1+ 34. Kd2 1-0

[Event "Berlin op 08"]
[Site "Berlin"]
[Date "2006.08.24"]
[Round "6"]
[White "Stiewe, Frank"]
[Black "Zur, Jan"]
[Result "0-1"]
[WhiteElo "1319"]
[BlackElo "1833"]
[PlyCount "70"]
[EventDate "2006.08.19"]
[EventType "swiss"]
[EventRounds "9"]
[EventCountry "GER"]
[SourceTitle "EXT 2007"]
[Source "ChessBase"]
[SourceDate "2006.11.23"]
[SourceVersion "1"]
[SourceVersionDate "2006.11.23"]
[SourceQuality "1"]

1. Nf3 d5 2. g3 Nc6 3. b3 e5 4. Bb2 f6 5. Bg2 Be6 6. 0-0 Qd7 7. d3 Bh3 8. Nbd2 h5 9. e4 d4 10. Kh1 g5 11. Ng1 Bxg2+ 12. Kxg2 0-0-0 13. Qf3 Nh6 14. Qe2 h4 15. Ngf3 Bd6 16. a3 Rh7 17. Rh1 Rdh8 18. Rag1 Nd8 19. Kf1 Ng4 20. Nc4 Be7 21. Ke1 b5 22. Ncd2 hxg3 23. fxg3 Ne6 24. Nf1 Kb7 25. Qg2 c5 26. h3 Nh6 27. g4 Nf4 28. Qd2 Nf7 29. Rh2 Rxh3 30. Rxh3 Rxh3 31. c4 Rxf3 32. Rh1 Rxd3 33. Qc2 Qxg4 34. Rh2 Nd6 35. Bc1 Rc3 0-1